[Event "Pablo Gorbea Memorial 7th"]
[Site "Madrid"]
[Date "2003.09.07"]
[Round "7"]
[White "Timon Piote, Silvia"]
[Black "Cuadrado Lopez, Francisco Javier"]
[Result "1-0"]
[WhiteElo "2185"]
[BlackElo "2013"]
[PlyCount "45"]
[EventDate "2003.09.01"]
[EventType "swiss"]
[EventRounds "9"]
[EventCountry "ESP"]
[SourceTitle "CBM 096 Extra"]
[Source "ChessBase"]
[SourceDate "2003.10.22"]
[SourceVersion "2"]
[SourceVersionDate "2003.10.20"]
[SourceQuality "1"]

1. d4 Nf6 2. Nf3 d5 3. c4 e6 4. Nc3 Bb4 5. Bg5 Nbd7 6. e3 0-0 7. Bd3 h6 8. Bh4 c6 9. 0-0 Re8 10. Ne5 Be7 11. f4 dxc4 12. Bxc4 Nb6 13. Bd3 Nbd5 14. Qf3 Nd7 15. Nxd5 cxd5 16. Qh5 Nxe5 17. fxe5 Rf8 18. Bf6 gxf6 19. exf6 Bxf6 20. Qxh6 Re8 21. Rxf6 Qc7 22. Bh7+ Kh8 23. Bg6+ 1-0

[Event "Pablo Gorbea Memorial 7th"]
[Site "Madrid"]
[Date "2003.09.03"]
[Round "3"]
[White "Timon Piote, Silvia"]
[Black "Kovacevic, Slobodan"]
[Result "0-1"]
[WhiteElo "2185"]
[BlackElo "2387"]
[PlyCount "87"]
[EventDate "2003.09.01"]
[EventType "swiss"]
[EventRounds "9"]
[EventCountry "ESP"]
[SourceTitle "CBM 096 Extra"]
[Source "ChessBase"]
[SourceDate "2003.10.22"]
[SourceVersion "2"]
[SourceVersionDate "2003.10.20"]
[SourceQuality "1"]

1. d4 Nf6 2. Nf3 e6 3. c4 c5 4. d5 exd5 5. cxd5 d6 6. Nc3 g6 7. h3 a6 8. a4 Qe7 9. Nd2 Nbd7 10. e4 Bh6 11. Bd3 Nh5 12. Nc4 Bxc1 13. Qxc1 Ne5 14. Nxe5 Qxe5 15. Ne2 f5 16. Qc3 Qxc3+ 17. bxc3 fxe4 18. Bxe4 Nf6 19. Bf3 Kd8 20. 0-0 Kc7 21. a5 Re8 22. Rfe1 Bd7 23. Rab1 Bf5 24. Rbd1 g5 25. c4 Bc2 26. Rd2 Bg6 27. Bg4 Nxg4 28. hxg4 Re4 29. Rc1 Rae8 30. Ng3 Rxg4 31. Nf1 Rb8 32. Ne3 Rd4 33. Rb2 b5 34. axb6+ Rxb6 35. Ra2 Kb7 36. Rca1 Ka7 37. Kh2 h5 38. Ra5 Rh4+ 39. Kg3 Kb7 40. R5a2 Ka7 41. Ra3 Bb1 42. Ra5 Rd4 43. Kh2 Rd2 44. f3 0-1

[Event "Olympiad Women-35"]
[Site "Bled"]
[Date "2002.11.02"]
[Round "8.3"]
[White "Ivanovic, Jelena"]
[Black "Timon Piote, Silvia"]
[Result "1/2-1/2"]
[WhiteElo "2041"]
[BlackElo "2193"]
[PlyCount "93"]
[EventDate "2002.10.26"]
[EventType "team-swiss"]
[EventRounds "14"]
[EventCountry "SLO"]
[SourceTitle "EXT 2003"]
[Source "ChessBase"]
[SourceDate "2002.11.25"]
[SourceVersion "1"]
[SourceVersionDate "2002.11.25"]
[SourceQuality "1"]
[WhiteTeam "Bosnia&Herzegovina (W)"]
[BlackTeam "Spain (W)"]
[WhiteTeamCountry "BIH"]
[BlackTeamCountry "ESP"]

1. e4 c5 2. Nc3 e6 3. g3 a6 4. a4 b6 5. Bg2 Bb7 6. d3 d5 7. exd5 exd5 8. d4 c4 9. Nge2 Be7 10. Nf4 Nf6 11. 0-0 Bc6 12. Re1 Ra7 13. Re2 0-0 14. Qe1 Rd7 15. Bd2 Re8 16. Bf3 b5 17. axb5 axb5 18. Re5 b4 19. Nd1 Rb7 20. Re2 Nbd7 21. Ne3 Nb6 22. Nf5 b3 23. cxb3 cxb3 24. Ba5 Bf8 25. Rxe8 Bxe8 26. Ne3 Bc6 27. Rc1 Qd7 28. Qc3 Nc4 29. Nxc4 dxc4 30. Bxc6 Qxc6 31. Qxc4 Qf3 32. Qc6 Ne4 33. Be1 Re7 34. Qc4 Ng5 35. h4 Ne4 36. Qd3 Qxd3 37. Nxd3 Rd7 38. Nc5 Rxd4 39. Nxe4 Rxe4 40. Kf1 Re8 41. Rc6 Rb8 42. Bc3 h6 43. Ke2 Rb5 44. Kd3 g5 45. hxg5 hxg5 46. Bd4 Bg7 47. Bxg7 1/2-1/2

[Event "Olympiad Women-35"]
[Site "Bled"]
[Date "2002.11.01"]
[Round "7.3"]
[White "Sanchez, Aliris"]
[Black "Timon Piote, Silvia"]
[Result "0-1"]
[WhiteElo "2095"]
[BlackElo "2193"]
[PlyCount "188"]
[EventDate "2002.10.26"]
[EventType "team-swiss"]
[EventRounds "14"]
[EventCountry "SLO"]
[SourceTitle "EXT 2003"]
[Source "ChessBase"]
[SourceDate "2002.11.25"]
[SourceVersion "1"]
[SourceVersionDate "2002.11.25"]
[SourceQuality "1"]
[WhiteTeam "Venezuela (W)"]
[BlackTeam "Spain (W)"]
[WhiteTeamCountry "VEN"]
[BlackTeamCountry "ESP"]

1. d4 Nf6 2. c4 g6 3. Nc3 d5 4. e3 Bg7 5. Nf3 0-0 6. Be2 c5 7. 0-0 cxd4 8. Nxd4 Na6 9. cxd5 Nxd5 10. e4 Nxc3 11. bxc3 Qa5 12. Bb2 Nc5 13. Nb3 Qb6 14. Qc2 Na4 15. Rac1 Nxb2 16. Qxb2 Be6 17. Qa3 Bf6 18. Nc5 Rfc8 19. Nxe6 Qxe6 20. c4 Bd4 21. Qd3 Rd8 22. Qb1 b6 23. Kh1 Bc5 24. Rcd1 Rxd1 25. Qxd1 Rb8 26. Qd5 Qf6 27. e5 Qf5 28. Bd3 e6 29. Bxf5 exd5 30. Bd3 Rd8 31. f4 dxc4 32. Bxc4 Rd4 33. Bb3 Re4 34. Bd5 Rd4 35. Bb3 Re4 36. Bd5 Re2 37. h3 Kg7 38. Kh2 a5 39. Bc4 Re4 40. Bd5 Rd4 41. Bb3 a4 42. Bc2 Rc4 43. Bd3 Rc3 44. Bb1 Bd4 45. Be4 Kf8 46. Rf3 Rc4 47. Bd5 Rc5 48. Be4 Ke7 49. Ra3 b5 50. Rd3 Bf2 51. Rf3 Bd4 52. Rd3 Bc3 53. Kg3 b4 54. Kf3 b3 55. axb3 a3 56. b4 a2 57. Rd1 Bxb4 58. Ra1 Ra5 59. Bd5 Rxd5 60. Rxa2 h5 61. Ke4 Rd7 62. g4 Bc5 63. Ra4 Rd1 64. gxh5 gxh5 65. Ra6 Rd4+ 66. Kf5 Rd3 67. Rc6 Bf2 68. Rc7+ Kf8 69. Rc8+ Kg7 70. Rc7 Re3 71. Rb7 Bg3 72. Rc7 h4 73. Rb7 Rf3 74. e6 Rxf4+ 75. Kg5 Re4 76. exf7 Bd6 77. Kf5 Re3 78. Rb6 Be7 79. Re6 Rf3+ 80. Kg4 Rg3+ 81. Kf5 Kxf7 82. Rh6 Rxh3 83. Rh7+ Ke8 84. Ke6 Re3+ 85. Kf5 Kd7 86. Kf4 Rg3 87. Rh8 Ke6 88. Rh6+ Bf6 89. Rh7 Bg5+ 90. Ke4 Kf6 91. Ra7 Re3+ 92. Kd4 Re1 93. Ra2 Kf5 94. Rg2 h3 0-1

[Event "Olympiad Women-35"]
[Site "Bled"]
[Date "2002.10.26"]
[Round "1.3"]
[White "Timon Piote, Silvia"]
[Black "Ui Laighleis, Gearoidin"]
[Result "1-0"]
[WhiteElo "2193"]
[BlackElo "2011"]
[PlyCount "75"]
[EventDate "2002.10.26"]
[EventType "team-swiss"]
[EventRounds "14"]
[EventCountry "SLO"]
[SourceTitle "EXT 2003"]
[Source "ChessBase"]
[SourceDate "2002.11.25"]
[SourceVersion "1"]
[SourceVersionDate "2002.11.25"]
[SourceQuality "1"]
[WhiteTeam "Spain (W)"]
[BlackTeam "Ireland (W)"]
[WhiteTeamCountry "ESP"]
[BlackTeamCountry "IRL"]

1. c4 c6 2. Nf3 d5 3. d4 Nf6 4. e3 Bf5 5. cxd5 cxd5 6. Nc3 a6 7. Qb3 b5 8. a4 bxa4 9. Qb7 Nbd7 10. Rxa4 Nb6 11. Rxa6 Rxa6 12. Bxa6 e6 13. Ne5 Nfd7 14. Bb5 Bd6 15. Nxd7 Nxd7 16. Bd2 Ke7 17. 0-0 Bc7 18. Rc1 Ba5 19. b4 Bxb4 20. Bxd7 Qxd7 21. Qxb4+ Kf6 22. Na4 h5 23. Nc5 Qa7 24. Qb7 Qa2 25. Nd7+ Kg6 26. Ne5+ Kh7 27. Qb4 Qa7 28. Qa5 Qb7 29. Qc7 Qb2 30. Be1 Ra8 31. Nxf7 Ra1 32. Rxa1 Qxa1 33. Qc3 Qb1 34. Ng5+ Kg6 35. h4 Qd1 36. Qb4 Qe2 37. Kh2 Qg4 38. f3 1-0

[Event "Peregrina op 18th"]
[Site "Pontevedra"]
[Date "2002.08.15"]
[Round "3.10"]
[White "Spassov, Liuben"]
[Black "Timon Piote, Silvia"]
[Result "1-0"]
[WhiteElo "2359"]
[BlackElo "2202"]
[PlyCount "69"]
[EventDate "2002.08.13"]
[EventType "swiss"]
[EventRounds "9"]
[EventCountry "ESP"]
[SourceTitle "EXT 2003"]
[Source "ChessBase"]
[SourceDate "2002.11.25"]
[SourceVersion "1"]
[SourceVersionDate "2002.11.25"]
[SourceQuality "1"]

1. c4 Nf6 2. Nc3 g6 3. e4 d6 4. d4 Bg7 5. Nf3 0-0 6. Be2 e5 7. Be3 Nc6 8. d5 Ne7 9. Nd2 Nd7 10. b4 a5 11. bxa5 Rxa5 12. Nb3 Ra8 13. c5 f5 14. f3 Nf6 15. 0-0 f4 16. Bf2 g5 17. cxd6 cxd6 18. Nd2 Rf7 19. Nc4 Ng6 20. Nb5 Ne8 21. Qc2 Bf8 22. Nb6 Rb8 23. Rfc1 Bd7 24. a4 Nh4 25. Ra3 Rg7 26. Nxd7 Qxd7 27. Rc3 Ra8 28. Rc8 Rxc8 29. Qxc8 Ng6 30. Qxd7 Rxd7 31. Rc8 Kf7 32. Bb6 g4 33. fxg4 Nf6 34. Nc3 Kg8 35. g5 1-0

[Event "Olympiad Women-34"]
[Site "Istanbul"]
[Date "2000.11.04"]
[Round "7.3"]
[White "Piarnpuu, Leili"]
[Black "Timon Piote, Silvia"]
[Result "1/2-1/2"]
[WhiteElo "2227"]
[BlackElo "2248"]
[PlyCount "85"]
[EventDate "2000.10.28"]
[EventType "team-swiss"]
[EventRounds "14"]
[EventCountry "TUR"]
[SourceTitle "EXT 2001"]
[Source "ChessBase"]
[SourceDate "2000.11.22"]
[SourceVersion "1"]
[SourceVersionDate "2000.11.22"]
[SourceQuality "1"]
[WhiteTeam "Estonia (W)"]
[BlackTeam "Spain (W)"]
[WhiteTeamCountry "EST"]
[BlackTeamCountry "ESP"]

1. Nf3 Nf6 2. c4 g6 3. d4 Bg7 4. g3 d5 5. cxd5 Nxd5 6. Bg2 Nb6 7. 0-0 Nc6 8. e3 0-0 9. Nc3 Re8 10. Re1 e5 11. d5 Na5 12. e4 c6 13. dxc6 bxc6 14. b3 Qc7 15. Be3 Ba6 16. Qc2 Rad8 17. Rad1 f6 18. Bf1 Bxf1 19. Rxf1 Bf8 20. Rxd8 Rxd8 21. Rd1 Nb7 22. Ne1 Rxd1 23. Nxd1 Nd8 24. Nc3 Ne6 25. Qd3 Nc5 26. Qc2 Qd7 27. Qd2 Qxd2 28. Bxd2 Ne6 29. Nd3 Nd4 30. Kg2 Kf7 31. f4 Ke6 32. Kf2 c5 33. fxe5 fxe5 34. Nb2 Be7 35. h3 Bd8 36. Nba4 Nxa4 37. Nxa4 Kd6 38. Nb2 Ke6 39. Nc4 Nb5 40. Ke2 Nd4+ 41. Kf2 Nb5 42. Ke2 Nd4+ 43. Kf2 1/2-1/2

[Event "Teresa Herrera op 11th"]
[Site "Corunha"]
[Date "2000.07.25"]
[Round "9"]
[White "Guillen Lorenzana, Xan"]
[Black "Timon Piote, Silvia"]
[Result "1-0"]
[WhiteElo "2098"]
[BlackElo "2248"]
[PlyCount "49"]
[EventDate "2000.07.17"]
[EventType "swiss"]
[EventRounds "9"]
[EventCountry "ESP"]
[SourceTitle "EXT 2001"]
[Source "ChessBase"]
[SourceDate "2000.11.22"]
[SourceVersion "1"]
[SourceVersionDate "2000.11.22"]
[SourceQuality "1"]

1. e4 c5 2. Nf3 e6 3. d4 cxd4 4. Nxd4 Nf6 5. Nc3 Nc6 6. Be2 Bb4 7. 0-0 Bxc3 8. bxc3 Nxe4 9. Bd3 d5 10. Ba3 Nxd4 11. cxd4 Qa5 12. Qc1 Bd7 13. Rb1 Bc6 14. f3 Nf6 15. Bb4 Qd8 16. Qg5 Rg8 17. Qg3 h6 18. Rfe1 Nh5 19. Qg4 Qg5 20. Rxe6+ Kd7 21. Rxc6+ Kxc6 22. Bb5+ Kb6 23. Qd7 Qe3+ 24. Kh1 Qxd4 25. Qd6+ 1-0

[Event "Ubeda op 5th"]
[Site "Ubeda"]
[Date "2000.01.26"]
[Round "8"]
[White "Kovacevic, Slobodan"]
[Black "Timon Piote, Silvia"]
[Result "1-0"]
[WhiteElo "2415"]
[BlackElo "2255"]
[PlyCount "63"]
[EventDate "2000.01.19"]
[EventType "swiss"]
[EventRounds "10"]
[EventCountry "ESP"]
[SourceTitle "CBM 075"]
[Source "ChessBase"]
[SourceDate "2000.04.05"]
[SourceVersion "1"]
[SourceVersionDate "2000.04.05"]
[SourceQuality "1"]

1. d4 Nf6 2. Nf3 g6 3. c3 Bg7 4. Bg5 d6 5. Nbd2 0-0 6. e4 c5 7. dxc5 dxc5 8. Qc2 Nc6 9. Be2 Be6 10. 0-0 Qc7 11. Rfe1 Rad8 12. Bh4 h6 13. Bg3 Qc8 14. Nb3 b6 15. Nfd2 Ng4 16. h3 Nge5 17. f4 c4 18. fxe5 cxb3 19. axb3 a5 20. Nc4 Bxc4 21. bxc4 Nxe5 22. Qb3 Qc6 23. Bf1 Rd2 24. Bf4 Nd3 25. Bxd2 Nxe1 26. Rxe1 Rd8 27. Bf4 g5 28. Bg3 Rd2 29. Bf2 Be5 30. Qxb6 Qd7 31. Be3 Bc7 32. Qb5 1-0

[Event "Linares Anibal op 07th"]
[Site "Linares"]
[Date "2000.01.16"]
[Round "10"]
[White "Timon Piote, Silvia"]
[Black "Kovacevic, Slobodan"]
[Result "0-1"]
[WhiteElo "2255"]
[BlackElo "2415"]
[PlyCount "88"]
[EventDate "2000.01.07"]
[EventType "swiss"]
[EventRounds "10"]
[EventCountry "ESP"]
[SourceTitle "CBM 075"]
[Source "ChessBase"]
[SourceDate "2000.04.05"]
[SourceVersion "1"]
[SourceVersionDate "2000.04.05"]
[SourceQuality "1"]

1. c4 c5 2. Nc3 Nf6 3. g3 e6 4. e4 d6 5. Bg2 a6 6. Nge2 Nc6 7. 0-0 Be7 8. d3 Rb8 9. Nf4 b5 10. b3 0-0 11. Bb2 Nd7 12. Rb1 Qa5 13. Nce2 Nf6 14. Bc3 b4 15. Bxf6 Bxf6 16. Nh5 Be7 17. f4 g6 18. e5 Qc7 19. Nf6+ Kg7 20. exd6 Qxd6 21. Ne4 Qd8 22. Qd2 Bb7 23. Rbd1 Nd4 24. Nxd4 Qxd4+ 25. Kh1 Rfd8 26. Qe2 Rd7 27. h3 Rbd8 28. Bf3 e5 29. Ng5 exf4 30. Bxb7 Bxg5 31. gxf4 Bxf4 32. Qf3 Bb8 33. Bd5 f6 34. Rde1 Be5 35. Re4 Qb2 36. Re2 Qc3 37. h4 Rxd5 38. cxd5 Qd4 39. Re4 Qxd5 40. Rd1 Rd7 41. Kg1 f5 42. Re3 Bd4 43. Kf2 Qd6 44. Rde1 f4 0-1

[Event "Linares Anibal op 07th"]
[Site "Linares"]
[Date "2000.01.15"]
[Round "9"]
[White "Baron Rodriguez, Jesus"]
[Black "Timon Piote, Silvia"]
[Result "1-0"]
[WhiteElo "2409"]
[BlackElo "2155"]
[PlyCount "57"]
[EventDate "2000.01.07"]
[EventType "swiss"]
[EventRounds "10"]
[EventCountry "ESP"]
[SourceTitle "CBM 075"]
[Source "ChessBase"]
[SourceDate "2000.04.05"]
[SourceVersion "1"]
[SourceVersionDate "2000.04.05"]
[SourceQuality "1"]

1. d4 c5 2. d5 Nf6 3. Nc3 g6 4. e4 d6 5. Be2 Bg7 6. h4 h5 7. Nf3 Nbd7 8. a4 Ng4 9. Ra3 Nde5 10. Ng5 0-0 11. f4 c4 12. fxe5 Bxe5 13. Bxg4 Bg3+ 14. Ke2 Bxg4+ 15. Nf3 f5 16. Be3 Qa5 17. Qd2 Qb4 18. a5 Qxb2 19. Ra2 fxe4 20. Rxb2 exf3+ 21. Kf1 fxg2+ 22. Kxg2 Be5 23. Rbb1 Rf3 24. Ne2 Raf8 25. Rbf1 c3 26. Qd3 R3f6 27. Rxf6 Rxf6 28. Rf1 Bf5 29. Rxf5 1-0

[Event "ESP-chT Div 2"]
[Site "Cala Galdana"]
[Date "1999.11.11"]
[Round "4"]
[White "Lillo Ferrer, Josep Maria"]
[Black "Timon Piote, Silvia"]
[Result "1-0"]
[WhiteElo "2242"]
[BlackElo "2155"]
[PlyCount "71"]
[EventDate "1999.11.08"]
[EventType "team"]
[EventRounds "9"]
[EventCountry "ESP"]
[SourceTitle "CBM 073 Extra"]
[Source "ChessBase"]
[SourceDate "2000.01.11"]
[SourceVersion "1"]
[SourceVersionDate "2000.01.11"]
[SourceQuality "1"]

1. d4 Nf6 2. Bg5 e6 3. e4 h6 4. Bxf6 Qxf6 5. Nc3 Bb4 6. Qd2 0-0 7. a3 Bxc3 8. Qxc3 d5 9. e5 Qe7 10. f4 a5 11. Nf3 b6 12. Qb3 a4 13. Qa2 c5 14. c3 Nc6 15. Bb5 Na5 16. 0-0 Nb3 17. f5 exf5 18. Bc6 Ra5 19. Rae1 c4 20. e6 Bxe6 21. Rf2 Qd6 22. Ne5 f6 23. Ng6 Rd8 24. Qb1 Bf7 25. Qxf5 Ra7 26. Bb5 Bxg6 27. Qxg6 Re7 28. Rfe2 Rxe2 29. Rxe2 Nc1 30. Re8+ Rxe8 31. Qxe8+ Kh7 32. Bxa4 Nd3 33. g3 Nxb2 34. Bd7 f5 35. Bxf5+ g6 36. Qf7+ 1-0

[Event "ESP-chT Div 2"]
[Site "Cala Galdana"]
[Date "1999.11.09"]
[Round "2"]
[White "Pareja Perez, Juan Luis"]
[Black "Timon Piote, Silvia"]
[Result "0-1"]
[WhiteElo "2140"]
[BlackElo "2155"]
[PlyCount "49"]
[EventDate "1999.11.08"]
[EventType "team"]
[EventRounds "9"]
[EventCountry "ESP"]
[SourceTitle "CBM 073 Extra"]
[Source "ChessBase"]
[SourceDate "2000.01.11"]
[SourceVersion "1"]
[SourceVersionDate "2000.01.11"]
[SourceQuality "1"]

1. e4 c5 2. Nc3 e6 3. Nf3 Nc6 4. Bc4 d6 5. a4 Nf6 6. Qe2 Nd4 7. Nxd4 cxd4 8. Na2 d5 9. exd5 Nxd5 10. 0-0 Nf4 11. Qf3 Qc7 12. d3 Ng6 13. Bd2 Bd6 14. Qh5 Bd7 15. Nc1 Ne5 16. Bb3 g6 17. Qh4 Bc6 18. Ne2 g5 19. Qh5 0-0-0 20. Nxd4 Be8 21. Bc3 Kb8 22. Qxg5 h6 23. Qh5 Rg8 24. Kh1 Ng4 25. g3 0-1

[Event "ESP-ch"]
[Site "Palencia"]
[Date "1999.08.25"]
[Round "7"]
[White "Timon Piote, Silvia"]
[Black "Gallego Jimenez, Victoriano"]
[Result "0-1"]
[WhiteElo "2155"]
[BlackElo "2348"]
[PlyCount "78"]
[EventDate "1999.08.19"]
[EventType "swiss"]
[EventRounds "9"]
[EventCountry "ESP"]
[SourceTitle "CBM 071 Extra"]
[Source "ChessBase"]
[SourceDate "1999.09.14"]
[SourceVersion "1"]
[SourceVersionDate "1999.09.14"]
[SourceQuality "1"]

1. c4 b6 2. Nc3 Bb7 3. e4 e6 4. Nf3 c5 5. g3 Nf6 6. d3 Nc6 7. Bg2 Be7 8. 0-0 d6 9. a3 0-0 10. Rb1 d5 11. Bg5 d4 12. Ne2 Nd7 13. Bd2 a5 14. h3 a4 15. Ne1 e5 16. f4 f6 17. Nf3 Ncb8 18. g4 Bc6 19. g5 fxg5 20. fxe5 Rxf3 21. Bxf3 Nxe5 22. Ng3 Nxd3 23. Bg4 Nd7 24. Be6+ Kh8 25. Qh5 Nf6 26. Rxf6 Bxf6 27. Bf5 Qg8 28. Bxg5 Be8 29. Qh4 Ne5 30. Rf1 Ng6 31. Bxg6 Bxg5 32. Qxg5 Bxg6 33. Nf5 Bxf5 34. exf5 Rf8 35. Kh1 Qxc4 36. Re1 Qd5+ 37. Kg1 h6 38. Qg3 Qxf5 39. Rd1 Rf6 0-1

[Event "La Coruna op 10th"]
[Site "La Coruna"]
[Date "1999.??.??"]
[Round "5"]
[White "Ivanov, Jordan"]
[Black "Timon Piote, Silvia"]
[Result "1-0"]
[WhiteElo "2400"]
[BlackElo "2155"]
[PlyCount "87"]
[EventDate "1999.??.??"]
[EventType "swiss"]
[EventRounds "9"]
[EventCountry "ESP"]
[SourceTitle "EXT 2001"]
[Source "ChessBase"]
[SourceDate "2000.11.22"]
[SourceVersion "1"]
[SourceVersionDate "2000.11.22"]
[SourceQuality "1"]

1. Nf3 Nf6 2. c4 c5 3. Nc3 Nc6 4. e3 g6 5. d4 cxd4 6. exd4 d5 7. Bg5 Ne4 8. cxd5 Nxc3 9. bxc3 Qxd5 10. Be2 Bg7 11. 0-0 0-0 12. Qd2 Bf5 13. Bh6 Be4 14. Rfe1 Bxh6 15. Qxh6 Bxf3 16. Bxf3 Qd6 17. Re3 Qf6 18. d5 Na5 19. Rae1 Rac8 20. Rxe7 Qxc3 21. d6 Rcd8 22. Bd5 Qg7 23. Qd2 Nc6 24. Rxb7 Ne5 25. f4 Ng4 26. h3 Nh6 27. Bb3 Qf6 28. d7 Qa6 29. Qd5 Qf6 30. Qe5 Qc6 31. Qc7 Qf6 32. Rb4 Nf5 33. Rbe4 Nd6 34. Re5 a6 35. Qc6 Kg7 36. Rd1 Nb5 37. Qxf6+ Kxf6 38. a4 Nc7 39. Rd6+ Kg7 40. Re7 a5 41. g4 Kg8 42. Rc6 Ne6 43. Bxe6 fxe6 44. Rcxe6 1-0

[Event "La Coruna op 10th"]
[Site "La Coruna"]
[Date "1999.??.??"]
[Round "3"]
[White "Saldano Dayer, Horacio"]
[Black "Timon Piote, Silvia"]
[Result "1-0"]
[WhiteElo "2320"]
[BlackElo "2155"]
[PlyCount "79"]
[EventDate "1999.??.??"]
[EventType "swiss"]
[EventRounds "9"]
[EventCountry "ESP"]
[SourceTitle "EXT 2001"]
[Source "ChessBase"]
[SourceDate "2000.11.22"]
[SourceVersion "1"]
[SourceVersionDate "2000.11.22"]
[SourceQuality "1"]

1. d4 Nf6 2. c4 c5 3. Nf3 cxd4 4. Nxd4 e5 5. Nb5 d5 6. cxd5 Bc5 7. N5c3 0-0 8. e3 e4 9. Nd2 Qe7 10. Be2 Rd8 11. Qc2 Bf5 12. a3 Nxd5 13. Nxd5 Rxd5 14. b4 Bb6 15. g4 Bg6 16. h4 h6 17. Qc8+ Rd8 18. Qc3 Nd7 19. Bb2 f6 20. Qb3+ Kh8 21. g5 Ne5 22. gxf6 gxf6 23. Rg1 Bf7 24. Qc2 Rac8 25. Qxe4 Rc6 26. Qf4 Kh7 27. Qf5+ Kh8 28. Qf4 Kh7 29. Bxe5 Qxe5 30. Qxe5 fxe5 31. Bf3 Bd5 32. Bxd5 Rxd5 33. Ne4 Bd8 34. h5 a5 35. b5 Rc4 36. Rg4 Kh8 37. Ke2 Rxb5 38. Rag1 Bg5 39. Nxg5 hxg5 40. Rxc4 1-0

[Event "La Coruna op 10th"]
[Site "La Coruna"]
[Date "1999.??.??"]
[Round "4"]
[White "Timon Piote, Silvia"]
[Black "Fernandez Otero, Jose"]
[Result "1-0"]
[WhiteElo "2138"]
[BlackElo "2075"]
[PlyCount "127"]
[EventDate "1999.??.??"]
[EventType "swiss"]
[EventRounds "9"]
[EventCountry "ESP"]
[SourceTitle "EXT 2001"]
[Source "ChessBase"]
[SourceDate "2000.11.22"]
[SourceVersion "1"]
[SourceVersionDate "2000.11.22"]
[SourceQuality "1"]

1. c4 e5 2. Nc3 Nc6 3. Nf3 Nf6 4. e3 Bb4 5. Qc2 d6 6. Nd5 0-0 7. a3 Bc5 8. b4 Bb6 9. Nxf6+ Qxf6 10. Bb2 a6 11. Bd3 h6 12. h4 Ne7 13. Ng5 Bf5 14. Ne4 Qe6 15. g4 Bxg4 16. Ng5 Qd7 17. Nh7 Rfe8 18. Rg1 Kh8 19. f4 f6 20. Bg6 Nxg6 21. Qxg6 Qf5 22. Qxg4 Qxg4 23. Rxg4 Kxh7 24. fxe5 fxe5 25. Ke2 g6 26. Rag1 Rg8 27. c5 Ba7 28. d4 Rae8 29. Rf1 Re7 30. Rf6 exd4 31. Bxd4 dxc5 32. bxc5 c6 33. Rgf4 Rge8 34. Rf8 g5 35. Rxe8 Rxe8 36. Rf7+ Kg6 37. Rxb7 Bb8 38. hxg5 hxg5 39. Rb6 g4 40. Rxc6+ Kg5 41. Rxa6 g3 42. Kf3 Rf8+ 43. Kg2 Rf2+ 44. Kg1 Rd2 45. Rb6 Rd1+ 46. Kg2 Rd2+ 47. Kf3 Rf2+ 48. Ke4 Bc7 49. Rb2 Rf7 50. Rb1 g2 51. Rg1 Rf2 52. Be5 Ba5 53. Bg3 Rc2 54. Kf3 Rc4 55. Rxg2 Kf5 56. Bf4 Kf6 57. Rh2 Rc3 58. Be5+ Kxe5 59. Rh5+ Ke6 60. Rd5 Rc1 61. a4 Rh1 62. Rd8 Ke7 63. Rd5 Bc3 64. a5 1-0

[Event "Montanchez pre olympic (Women)"]
[Site "Montanchez"]
[Date "1998.??.??"]
[Round "7"]
[White "Timon Piote, Silvia"]
[Black "Calzetta Ruiz, Monica"]
[Result "1-0"]
[WhiteElo "2155"]
[BlackElo "2210"]
[PlyCount "99"]
[EventDate "1998.??.??"]
[EventType "tourn"]
[EventRounds "9"]
[EventCountry "ESP"]
[SourceTitle "EXT 2003"]
[Source "ChessBase"]
[SourceDate "2002.11.25"]
[SourceVersion "1"]
[SourceVersionDate "2002.11.25"]
[SourceQuality "1"]

1. c4 g6 2. Nc3 Bg7 3. g3 c5 4. Bg2 Nc6 5. e4 e6 6. Nge2 d6 7. d3 Nge7 8. Be3 Nd4 9. Rb1 Nec6 10. 0-0 0-0 11. Qd2 Qa5 12. a3 a6 13. Bf4 Ne5 14. f3 Bd7 15. Be3 Nxe2+ 16. Qxe2 Rab8 17. Rfc1 Nc6 18. Bf4 Nd4 19. Qd1 Qc7 20. b4 b6 21. Qd2 Rfc8 22. Kh1 Bc6 23. Rf1 Qe7 24. Bg5 Qe8 25. Bf4 Qd8 26. Bg5 Qd7 27. Bf4 Rd8 28. Rb2 b5 29. bxc5 e5 30. Bg5 f6 31. Be3 dxc5 32. Nd5 f5 33. Bg5 Rf8 34. Rfb1 Bxd5 35. exd5 Rfc8 36. Re1 Kf7 37. f4 e4 38. dxe4 fxe4 39. Rxe4 Nf5 40. Rb1 h6 41. g4 hxg5 42. gxf5 Qxf5 43. fxg5 Kg8 44. Rf1 Qd7 45. d6 Bd4 46. Re7 Qxd6 47. Bd5+ Kh8 48. Rff7 Qxe7 49. Rxe7 bxc4 50. Qe1 1-0

[Event "ESP-ch"]
[Site "Torrevieja"]
[Date "1997.10.06"]
[Round "9"]
[White "Gallego Jimenez, Victoriano"]
[Black "Timon Piote, Silvia"]
[Result "1-0"]
[WhiteElo "2385"]
[BlackElo "2165"]
[PlyCount "57"]
[EventDate "1997.09.29"]
[EventType "swiss"]
[EventRounds "9"]
[EventCountry "ESP"]
[SourceTitle "CBM 060 Extra"]
[Source "ChessBase"]
[SourceDate "1997.11.04"]
[SourceVersion "1"]
[SourceVersionDate "1997.11.04"]
[SourceQuality "1"]

1. d4 Nf6 2. c4 c5 3. d5 b5 4. cxb5 a6 5. Nc3 axb5 6. e4 b4 7. Nb5 d6 8. Bf4 g5 9. Bxg5 Nxe4 10. Bf4 Qb6 11. Bc4 Bd7 12. Qe2 Ra5 13. Qxe4 Bxb5 14. Bxb5+ Rxb5 15. Nf3 Nd7 16. 0-0 Nf6 17. Qf5 Bg7 18. Rfe1 Qd8 19. Bxd6 Rb7 20. Bxc5 0-0 21. Rad1 Kh8 22. Bd4 h6 23. Bxf6 Bxf6 24. Ne5 Qd6 25. Nxf7+ Rxf7 26. Qc8+ Kh7 27. Qxb7 Rg7 28. Qc6 Qf4 29. Qc2+ 1-0

[Event "Suances op"]
[Site "Suances"]
[Date "1997.??.??"]
[Round "?"]
[White "Perez Pietronave, Carlos"]
[Black "Timon Piote, Silvia"]
[Result "0-1"]
[WhiteElo "2270"]
[BlackElo "2160"]
[PlyCount "47"]
[EventDate "1997.??.??"]
[EventType "swiss"]
[EventRounds "9"]
[EventCountry "ESP"]
[SourceTitle "EXT 2002"]
[Source "ChessBase"]
[SourceDate "2001.11.25"]
[SourceVersion "1"]
[SourceVersionDate "2001.11.25"]
[SourceQuality "1"]

1. d4 Nf6 2. Nf3 c5 3. d5 g6 4. c4 b5 5. cxb5 a6 6. Nc3 axb5 7. Nxb5 Qa5+ 8. Nc3 Ba6 9. Bd2 Qb6 10. Qc2 d6 11. e4 Bxf1 12. Kxf1 Nbd7 13. g3 Bg7 14. Rd1 0-0 15. Kg2 Ng4 16. Rhe1 Nge5 17. Nxe5 Nxe5 18. Re2 Qa6 19. Bc1 c4 20. a3 Nd3 21. Bd2 Rfb8 22. Rb1 Rb3 23. Nd1 Rab8 24. Re3 0-1

[Event "Benasque op 17th"]
[Site "Benasque"]
[Date "1997.??.??"]
[Round "5"]
[White "Timon Piote, Silvia"]
[Black "Vassallo Barroche, Mauricio"]
[Result "1/2-1/2"]
[WhiteElo "2160"]
[BlackElo "2395"]
[PlyCount "66"]
[EventDate "1997.07.??"]
[EventType "swiss"]
[EventRounds "9"]
[EventCountry "ESP"]
[SourceTitle "EXT 1998"]
[Source "ChessBase"]
[SourceDate "1997.11.17"]
[SourceVersion "1"]
[SourceVersionDate "1997.11.17"]
[SourceQuality "1"]

1. c4 d6 2. Nc3 g6 3. g3 Bg7 4. Bg2 e5 5. e4 Nc6 6. d3 Nge7 7. Nge2 0-0 8. 0-0 Be6 9. Nd5 f5 10. Rb1 Qd7 11. b4 Nc8 12. b5 Nd8 13. f4 c6 14. bxc6 bxc6 15. Ne3 Ne7 16. Ba3 Nf7 17. d4 exf4 18. Nxf4 fxe4 19. d5 cxd5 20. cxd5 Bf5 21. g4 g5 22. Nh5 Bg6 23. Nxg7 Kxg7 24. Qd4+ Ne5 25. Nc4 Rxf1+ 26. Rxf1 Rf8 27. Bxd6 Rxf1+ 28. Kxf1 Qb5 29. Bxe5+ Kf8 30. Bxe4 Bxe4 31. Qxe4 Nxd5 32. Bg3 Qxc4+ 33. Qxc4 Ne3+ 1/2-1/2